| 000 | 00703nam a22002537a 4500 | ||
|---|---|---|---|
| 005 | 20170418181736.0 | ||
| 008 | 170418b xxu||||| |||| 00| 0 spa d | ||
| 020 | _a978987151586 | ||
| 041 | _aeng | ||
| 082 | _a364.4 R696f | ||
| 100 |
_aRodríguez, Diofanor _942238 |
||
| 245 | _aFundamentos de la seguridad integral | ||
| 260 | _aArgentina | ||
| 260 | _bSeguridad y Defensa | ||
| 260 | _c2008 | ||
| 300 | _a120 páginas | ||
| 650 |
_aSEGURIDAD PRIVADA _97782 |
||
| 650 |
_aSEGURIDAD INTEGRAL _934835 |
||
| 650 |
_aGERENCIA DE SEGURIDAD _942239 |
||
| 650 |
_aSEGURIDAD FÍSICA _914429 |
||
| 650 |
_aSEGURIDAD PERSONAL _942240 |
||
| 650 |
_aSEGURIDAD DE LA INFORMACIÓN _942241 |
||
| 942 | _cBK | ||
| 999 |
_c9290 _d9290 |
||